Euroopan kaupungit kirjaimittain - F - Statistics

Yleistilastot
  • Tätä visaa on pelattu 29 kertaa
  • Keskiarvotulos 6 / 15
Vastaukset kartalla
Vastauksille on annettu kartalla punavihreä väri sen mukaan, kuinka moni on saanut sen oikein.
 
Vastaustilastot
% Oikein
Suomi Forssa 16 322 60.813889 23.622222
100%
Saksa Frankfurt 756 021 50.111389 8.680556
100%
Italia Firenze 362 353 43.768611 11.256944
96%
Ruotsi Falun 59 528 60.607222 15.631111
70%
Norja Fredrikstad 85 862 59.217778 10.930833
39%
Espanja Fuengirola 84 857 36.541667 -4.625
35%
Saksa Freiburg im Breisgau 237 460 48 7.85
30%
Ruotsi Falkenberg 46 051 56.9 12.5
17%
Itävalta Feldkirch 36 708 47.238056 9.598333
17%
Italia Foggia 145 447 41.464167 15.546111
17%
Tanska Fredericia 41 543 55.566667 9.75
17%
Albania Fier 52 926 40.733333 19.516667
13%
Norja Fauske 9 572 67.258889 15.391389
9%
Belgia Forest 58 675 50.813056 4.324722
9%
Portugali Funchal 105 782 32.65 -16.908333
Falkenberg 56.9 12.5 4 falkenberg
Falun 60.607222 15.631111 4 falun
Fauske 67.258889 15.391389 4 fauske
Feldkirch 47.238056 9.598333 4 feldkirch
Fier 40.733333 19.516667 4 fier
Firenze 43.768611 11.256944 4 firenze
Frankfurt 50.111389 8.680556 4 frankfurt
Foggia 41.464167 15.546111 4 foggia
Forest 50.813056 4.324722 4 forest
Forssa 60.813889 23.622222 4 forssa
Fredericia 55.566667 9.75 4 fredericia
Fredrikstad 59.217778 10.930833 4 fredrikstad
Freiburg im Breisgau 48 7.85 4 freiburg-im-breisgau
Fuengirola 36.541667 -4.625 4 fuengirola
Funchal 32.65 -16.908333 4 funchal
4%
Ehtoja vastaavia visoja ei löytynyt
Tulosjakauma
Jokaisen tuloksen saaneiden osuus
Persentiili vastausten määrän mukaan
Tuloshistoriasi
Et ole pelannut tätä visaa